Online
Catalog

La isla iluminada / (Record no. 25555)

MARC details
000 -CABECERA
campo de control de longitud fija 00552nam a2200181 a 4500
001 - NÚMERO DE CONTROL
campo de control 000026063
003 - IDENTIFICADOR DEL NÚMERO DE CONTROL
campo de control OSt
005 - FECHA Y HORA DE LA ÚLTIMA TRANSACCIÓN
campo de control 20240305082410.0
008 - DATOS DE LONGITUD FIJA--INFORMACIÓN GENERAL
campo de control de longitud fija 100914s1953 dr 000 0 spa d
040 ## - FUENTE DE LA CATALOGACIÓN
Centro catalogador/agencia de origen DO-SdBNP
Lengua de catalogación spa
Centro/agencia transcriptor BNPHU
082 ## - NÚMERO DE LA CLASIFICACIÓN DECIMAL DEWEY
Número de documento/Ítem O83i
100 1# - ENTRADA PRINCIPAL--NOMBRE DE PERSONA
Nombre de persona Osorio Lizarazo, J. A.,
Forma completa/desarrollada del nombre (José Antonio)
Fechas asociadas al nombre 1900-1964
9 (RLIN) 22545
245 13 - MENCIÓN DE TÍTULO
Título La isla iluminada /
Mención de responsabilidad, etc. J. A. Osorio Lizarazo.
260 ## - PUBLICACIÓN, DISTRIBUCIÓN, ETC.
Lugar de publicación, distribución, etc. Ciudad Trujillo, República Dominicana :
Nombre del editor, distribuidor, etc. Editora el Caribe,
Fecha de publicación, distribución, etc. 1953.
300 ## - DESCRIPCIÓN FÍSICA
Extensión 362 p. ;
Dimensiones 23 cm.
590 ## - NOTA LOCAL (RLIN)
Nota local Inventariado, 2020 /LP
942 ## - ELEMENTOS DE PUNTO DE ACCESO ADICIONAL (KOHA)
Fuente del sistema de clasificación o colocación Dewey Decimal Classification
Tipo de ítem Koha Libro
Holdings
Estado de retiro Estado de pérdida Fuente del sistema de clasificación o colocación No para préstamo Código de colección Localización permanente Ubicación/localización actual Ubicación en estantería Fecha de adquisición Fuente de adquisición Número de inventario Total de préstamos Signatura topográfica completa Código de barras Fecha visto por última vez Número de copia Precio válido a partir de Tipo de ítem Koha Restricciones de uso Nota pública
    Dewey Decimal Classification Préstamo en sala Raros y valiosos Biblioteca Nacional Pedro Henríquez Ureña General Depósito 31.03.2011 Familia Reyes Duluc. LF1   xxx O83i 26063-60 25.06.2020 e. 3 25.06.2020 Libro    
        Raros y valiosos General General En catalogación 31.01.2012   LF1   xxx O83i 26063-70 25.06.2020 e. 4 25.06.2020 Préstamo en sala    
    Dewey Decimal Classification Excluido de préstamo Raros y valiosos Biblioteca Nacional Pedro Henríquez Ureña Patrimonio Dominicano Depósito 28.02.2011   LF1   xxx O83i 26063-10 25.06.2020   25.06.2020 Libro   Dedicado
    Dewey Decimal Classification Excluido de préstamo Raros y valiosos Biblioteca Nacional Pedro Henríquez Ureña Patrimonio Dominicano Depósito 31.03.2011   LF1   xxx O83i 26063-50 25.06.2020 e. 2 25.06.2020 Libro    

Powered by Koha